České národní aktivity v pohraničních oblastech první Československé republiky. - Šenov u Ostravy : Tilia. - 2003 [Rezension]

Titel: České národní aktivity v pohraničních oblastech první Československé republiky. - Šenov u Ostravy : Tilia. - 2003 [Rezension]
Verfasser:
In: Soudobé dějiny, Band 12, Heft 1 (2005), Seite 221-222
alle Artikel anzeigen
Veröffentlicht: 2005
Format: Aufsatz
Sprache: Tschechisch
Kein Bild verfügbar
X
alg: 39498534
001A    $01999:12-11-16 
001B    $01999:04-08-21 $t21:01:14.000 
001D    $01999:12-11-16 
001U    $0utf8 
001X    $00 
002@    $0Aox 
003@    $0394985346 
007A    $0394985346 $aHEB 
007T    $0Herdc0060539m 
010@    $acze 
011@    $a2005 
021A    $aČeské národní aktivity v pohraničních oblastech první Československé republiky. - Šenov u Ostravy : Tilia. -  2003 [Rezension] 
028A    $aSlabotínský $dRadek 
031A    $d12 $e1 $h221-222 $j2005 
039B    $aIn $8--Abvc--. Soudobé dějiny. - Praha : USD, 1993-. - ISSN 1210-7050 $x200500000120001779 $9048643750 
039T    $8--Aau--. České národní aktivity v pohraničních oblastech první Československé republiky. - 1. vyd.. - Šenov u Ostravy : Tilia, 2003. - ISBN 80-86101-70-3 $9120762595 
045F    $a900.94371 $eDDC23BSB 
045F/01 $a900 
045F/03 $g4371 
045F/03 $g4385 
045T    $a7,41 
045T    $aOST $qDE-12 $2FID 

lok: 39498534 78

exp: 39498534 78 1 #EPN
201B/01 $026-11-17 $t03:51:48.000 
201U/01 $0utf8 
203@/01 $079128395X 
208@/01 $a12-11-16 $be 
209A/01 $a/ $f000 $x00 
220C/01 $aHerkunft: Hú Av Čr Praha 
244Z/01 $#Tschechien $#Tschechische Republik $#Tschechische Republik $#Tschechenland $#Tschechei Tschechien $#Česká Republika $#Czech Republic $#ČR $74303381-7 $8--Tg1--Tschechien $x01 $9086659812 
244Z/01 $2Trx $#Böhmen $#Bohemia $#Czechy $8--Trx--Čechy $x02 $9391188941 
244Z/01 $2Trx $#Silesia $#Śląsk $#Sliezsko $#Slezsko $8--Trx--Schlesien $x03 $9391173987 
244Z/01 $2Trx $#arvustused $#recenzijos $#Reviews $#recenziók $#recenzje $#recenzie $#recenze $8--Trx--Rezensionen $x04 $9391357441 
247C/01 $82080>Marburg/Lahn, Herder-Institut, Forschungsbibliothek, Bibliographieportal $9336309341
LEADER 00000caa a22000002c 4500
001 394985346
003 DE-603
005 20210804210114.0
007 tu
008 161112s2005 xx |||| | u00||u|cze c
035 |a (DE-599)HEB394985346 
040 |a DE-603  |b ger  |c DE-603  |d DE-603 
041 |a cze 
082 0 4 |8 1\u  |a 900.94371  |q DE-101  |2 23/BSB 
084 |a 7,41  |2 ssgn 
084 |a OST  |q DE-12  |2 fid 
085 |8 1\u  |b 900 
085 |8 1\u  |z 2  |s 4371 
085 |8 1\u  |z 2  |s 4385 
100 1 |a Slabotínský, Radek 
245 0 0 |a České národní aktivity v pohraničních oblastech první Československé republiky. - Šenov u Ostravy : Tilia. - 2003 [Rezension] 
264 0 |c 2005 
773 0 8 |i In  |t Soudobé dějiny  |d Praha : USD, 1993-  |x 1210-7050  |g Band 12, Heft 1 (2005), Seite 221-222  |w (DE-603)048643750  |w (DE-600)1181942-X 
787 0 8 |i Rezension von  |t České národní aktivity v pohraničních oblastech první Československé republiky  |b 1. vyd.  |d Šenov u Ostravy : Tilia, 2003  |z 8086101703  |w (DE-603)120762595 
924 0 |9 2080  |a (DE-603)79128395X  |b DE-2080  |c HES  |d d  |g /